000 00769na a2200241 4500
001 18740
003 MIRAKIL
005 20181213155155.0
008 161125b tu 000 0
020 _a9757237132
035 _a18740
040 _aMilas
_btur
_cTR-AnCHP
041 _atur
082 _a353
_bG35 1999
090 _a353 G35 1999
100 _aGenro, Tarso
245 _aÖzgün bir belediyecilik deneyimi
_bkatılımcı bütçe Brezilya'nın Porto Alegre kentindeki deneyim
_cTarso Genro, Ubiratan de Souza ; çeviren: Bülent Tanatar
260 _aİstanbul
_bDünya Yerel Yönetim ve Demokrasi Akademisi
_c1998
300 _a96 s.
_btbl.
_c23 sm.
650 _aYerel yönetimler
_zBrezilya
650 _aBelediyecilik
_zBrezilya
942 _2dcc
_cBKS
999 _c7965
_d7965